Statistics for Rivers by Picture Quiz

Click here to take the quiz!

General Stats

  • This quiz has been taken 9 times
  • The average score is 6 of 16

Answer Stats

Answer% Correct
Ganges
100%
Seine
88%
Nile
75%
Mississippi
63%
Zambezi
50%
Amazon
38%
Volga
38%
Yangtze
38%
Indus
25%
Mekong
25%
Rio Grande
25%
Yellow
25%
Danube
13%
Missouri
13%
Ob
13%
Yenisei
0%

Score Distribution

Percentile by Number Answered

Percent of People with Each Score

Your Score History

You have not taken this quiz